00354nam a2200145Ia 450000500170000000800410001702000150005808200130007310000190008624500270010530000130013265000220014565000170016770000240018420250626034641.0240331s9999 xx 000 0 und d a955572007X bSENa362 aSenevirathna,M 0aDerana dukwena daruwoo a144 p ., aSexual activities aCase studies aMaureen Senaviratne